书目信息 |
| 题名: |
20世纪世界现代艺术
|
|
| 作者: | 张石森 , 刘娟 主编 | |
| 分册: | ||
| 出版信息: | 呼和浩特 远方出版社 2006.01 |
|
| 页数: | 249页 | |
| 开本: | 20cm | |
| 丛书名: | ||
| 单 册: | ||
| 中图分类: | J110.99 | |
| 科图分类: | ||
| 主题词: | 艺术--世界 , 美术--世界 | |
| 电子资源: | ||
| ISBN: | 7-80723-082-7 | |
| 000 | 00671nam0 2200229 450 | |
| 001 | 0755467505 | |
| 005 | 20071009093027.26 | |
| 010 | @a7-80723-082-7@dCNY30.00 | |
| 100 | @a20071008d2006 km y0chiy0120 ea | |
| 101 | 0 | @achi |
| 102 | @aCN@b150000 | |
| 200 | 1 | @a20世纪世界现代艺术@A20 shi ji shi jie xian dai yi shu@f张石森,刘娟主编@Fzhang shi sen,liu juan zhu bian |
| 210 | @a呼和浩特@c远方出版社@d2006.01 | |
| 215 | @a249页@d20cm | |
| 300 | @a世界美术全鉴 | |
| 606 | 0 | @a艺术@x世界 |
| 606 | 0 | @a美术@x世界 |
| 690 | @aJ110.99@v4 | |
| 701 | 0 | @a张石森@Azhang shi sen@4主编 |
| 701 | 0 | @a刘娟@Aliu juan@4主编 |
| 801 | 0 | @aCN@bPFT@c20071009 |
| 905 | @aBZT@dJ110.99@e14 | |
| 20世纪世界现代艺术/张石森,刘娟主编.-呼和浩特:远方出版社,2006.01 |
| 249页;20cm |
| 世界美术全鉴 |
| ISBN 7-80723-082-7:CNY30.00 |
| ● |
| 相关链接 |
|
|
|
正题名:20世纪世界现代艺术
索取号:J110.99/14
 
预约/预借
| 序号 | 登录号 | 条形码 | 馆藏地/架位号 | 状态 | 备注 |
| 1 | 589300 | 230170377 | 中心书库中库/ 中库016架A面3列6层30/ [索取号:J110.99/14] | 在馆 | |
| 2 | 589301 | 230170375 | 中心书库中库/ 中库016架A面3列6层32/ [索取号:J110.99/14] | 在馆 | |
| 3 | 589302 | 230170376 | 中心书库中库/ 中库016架A面3列6层37/ [索取号:J110.99/14] | 在馆 | |
| 4 | 589303 | 230170374 | 中心书库中库/ 中库016架A面3列6层33/ [索取号:J110.99/14] | 在馆 | |
| 5 | 589304 | 230170370 | 中心书库中库/ 中库016架A面3列6层39/ [索取号:J110.99/14] | 在馆 | |
| 6 | 589305 | 230170371 | 中心书库中库/ 中库016架A面3列6层36/ [索取号:J110.99/14] | 在馆 | |
| 7 | 589306 | 230170373 | 中心书库中库/ 中库016架A面3列6层31/ [索取号:J110.99/14] | 在馆 | |
| 8 | 589307 | 230170369 | 中心书库中库/ 中库016架A面3列6层34/ [索取号:J110.99/14] | 在馆 | |
| 9 | 589308 | 230170368 | 中心书库中库/ 中库016架A面3列6层35/ [索取号:J110.99/14] | 在馆 | |
| 10 | 589309 | 230170372 | 中心书库中库/ 中库016架A面3列6层38/ [索取号:J110.99/14] | 在馆 |